Normal view
MARC view
- SUPERVISOR Saif Ullah Khalid
Entry Personal Name
001 - CONTROL NUMBER
- control field: 71053
003 - CONTROL NUMBER IDENTIFIER
- control field: NUST
005 - DATE AND TIME OF LATEST TRANSACTION
- control field: 20210628204602.0
008 - FIXED-LENGTH DATA ELEMENTS
- fixed length control field: 210628|| aca||aabn | a|a d
040 ## - CATALOGING SOURCE
- Original cataloging agency: NUST
- Transcribing agency: NUST
100 ## - HEADING--PERSONAL NAME
- Personal name: SUPERVISOR Saif Ullah Khalid
670 ## - SOURCE DATA FOUND
- Source citation: Work cat.: (NUST): Rameez Shahab Ahmed Asees Aamir 71052, PR-SOF-1619- 3-D CFD BASED DESIGN OF AN UNDERWATER VEHICLE, 2017
